Central Library OPAC University of Rajshahi
Normal view MARC view

Entry Topical Term

Number of records used in: 3

001 - CONTROL NUMBER

  • control field: 1757

003 - CONTROL NUMBER IDENTIFIER

  • control field: BD-RjUL

005 - DATE AND TIME OF LATEST TRANSACTION

  • control field: 20220308160244.0

008 - FIXED-LENGTH DATA ELEMENTS

  • fixed length control field: 220308|| aca||aabn | a|a d

040 ## - CATALOGING SOURCE

  • Original cataloging agency: BD-RjUL
  • Transcribing agency: BD-RjUL

150 ## - HEADING--TOPICAL TERM

  • Topical term or geographic name entry element: Production
  • Form subdivision: Agriculture
  • General subdivision: Liberalization

670 ## - SOURCE DATA FOUND

  • Source citation: Work cat.: (BD-RjUL)79518: Rahman, S. M. Khalilur 1756, A Study on the Impact of Trade Liberalization on Agriculture in Bangladesh /, 2004